ASEAN Member Countries Map Quiz Stats

 Plays Quiz not verified by Sporcle

Score 0/10 Timer 02:00
0 Plays Today
% Correct
Thailand
96.3%
Vietnam
92.9%
Laos
92.7%
Indonesia
91.6%
Malaysia
91.4%
Cambodia
90.6%
Brunei
90.3%
Singapore
90.1%
Myanmar
87.7%
Philippines
84%

You're not logged in!

Compare scores with friends on all Sporcle quizzes.
OR
Log In

Sporcle TV

Today on Sporcle TV


Watch our educational content, quiz creation guides, and fun videos on Sporcle TV.

Show Comments

Extras

Created Aug 26, 2015ReportNominate
Tags:ASEAN Countries

Top Quizzes Today


Score Distribution

Your Account Isn't Verified!

In order to create a playlist on Sporcle, you need to verify the email address you used during registration. Go to your Sporcle Settings to finish the process.

Report this User

Report this user for behavior that violates our Community Guidelines.

Details: